Click The US States By Order Of Statehood - Hard - Statistics

General Stats
  • This quiz has been taken 15 times
  • The average score is 30 of 50
Answers on the Map
Answers color-coded by a green-red scale on the quiz's map according to % correct below.
 
Answer Stats
Answer % Correct
December 7, 1787
100%
August 21, 1959
92%
February 14, 1912
92%
January 4, 1896
92%
November 2, 1889 (South)
92%
January 3, 1959
83%
March 4, 1791
83%
May 29, 1790
83%
December 12, 1787
75%
June 1, 1792
75%
June 1, 1796
75%
March 1, 1803
75%
March 1, 1867
75%
May 29, 1790
75%
December 18, 1787
67%
February 6, 1788
67%
January 6, 1912
67%
July 10, 1890
67%
July 26, 1788
67%
March 15, 1820
67%
May 29, 1848
67%
November 2, 1889 (North)
67%
November 8, 1889
67%
August 1, 1876
58%
December 28, 1846
58%
January 26, 1837
58%
January 9, 1788
58%
June 20, 1863
58%
May 11, 1858
58%
April 28, 1788
50%
January 2, 1788
50%
January 29, 1861
50%
July 3, 1890
50%
June 15, 1836
50%
June 25, 1788
50%
March 3, 1845
50%
November 11, 1889
50%
November 16, 1907
50%
April 30, 1812
42%
December 10, 1817
42%
December 11, 1816
42%
December 14, 1819
42%
June 21, 1788
42%
May 23, 1788
42%
September 9, 1850
42%
August 10, 1821
33%
December 29, 1845
33%
December 3, 1818
33%
October 31, 1864
33%
February 14, 1859
25%
No matching quizzes found
Score Distribution
Percent of People with Each Score
Percentile by Number Answered
Your Score History
You have not taken this quiz